000 00677nam a2200217 i 4500
001 128320
003 ES-MaACL
005 20250814053135.0
007 t|
008 070629s1973 sp ||||1| spa d
100 1 _aZolar.
_9118332
245 1 0 _aEnciclopedia del saber antiguo y prohibido /
_cZolar ; [traductor: Francisco Torres Oliver].
260 _aMadrid :
_bAlianza,
_c[1973]
300 _a464 p. ;
_c18 cm.
490 1 _aEl libro de bolsillo ;
_v479
650 7 _aOcultismo
_2embne
_915681
700 1 _aTorres Oliver, Francisco,
_d1935-
_9110996
830 0 3 _aEl libro de bolsillo
_v479
_9177802
852 _aES-MaACL
_jC-55362
_bR.87927
999 _c128320
_d128320